ბათუმის შოთა რუსთაველის სახელმწიფო უნივერსიტეტის ბიბლიოთეკა

Новая и новейшая история стран Европы и Америки.1.Предмет и периодизация курса.Европейская цивилизация вXVI-XVIIвв.Век просвещения-период становления индустриального общества (ბიბ.ჩანაწერი № 35163)

000 -LEADER
fixed length control field 00983nam a2200241Ia 4500
001 - CONTROL NUMBER
control field 1006
003 - CONTROL NUMBER IDENTIFIER
control field GE_BSU
008 - FIXED-LENGTH DATA ELEMENTS--GENERAL INFORMATION
fixed length control field 181216s||||||||xx |||||||||||||| ||und||
020 ## - INTERNATIONAL STANDARD BOOK NUMBER
International Standard Book Number 5691003453(I)
040 ## - CATALOGING SOURCE
Transcribing agency GE_BSU
080 ## - UNIVERSAL DECIMAL CLASSIFICATION NUMBER
Universal Decimal Classification number 94(4)
100 ## - MAIN ENTRY--PERSONAL NAME
Personal name Пономарев,М.В.Смирнова,С.Ю.
245 ## - TITLE STATEMENT
Title Новая и новейшая история стран Европы и Америки.1.Предмет и периодизация курса.Европейская цивилизация вXVI-XVIIвв.Век просвещения-период становления индустриального общества
245 ## - TITLE STATEMENT
Remainder of title Учебное пособие для студ. высш. уч. завед.
260 ## - PUBLICATION, DISTRIBUTION, ETC.
Place of publication, distribution, etc. М
260 ## - PUBLICATION, DISTRIBUTION, ETC.
Name of publisher, distributor, etc. Владос
260 ## - PUBLICATION, DISTRIBUTION, ETC.
Date of publication, distribution, etc. 2000
300 ## - PHYSICAL DESCRIPTION
Extent 288стр.
653 ## - INDEX TERM--UNCONTROLLED
Uncontrolled term История
653 ## - INDEX TERM--UNCONTROLLED
Uncontrolled term Новая и новейшая история стран Европы и Америки.
942 ## - ADDED ENTRY ELEMENTS (KOHA)
Koha item type წიგნი
ეგზემპლარები
Withdrawn status Lost status Damaged status Not for loan Date acquired Barcode Date last seen Price effective from Koha item type
        2018-12-17 852 2018-12-17 2018-12-17 წიგნი